Dune: la casa atreides

Uloženo v:
Podrobná bibliografie
Hlavní autoři: Herbert, Brian (Autor), Anderson, Kevin J (Autor)
Médium: Kniha
Jazyk:španělština
Vydáno: Barcelona Plaza and Janés 2001
Edice:Jet, 261. Ciencia Ficción, 7
Témata:
Tagy: Přidat tag
Žádné tagy, Buďte první, kdo vytvoří štítek k tomuto záznamu!

MARC

LEADER 00000nam a2200000 a 4500
001 UCN6506
003 CL-VaPUC
008 010928e20010000SP |||||||||||||||||spa|d
082 0 4 |a 813  |b HER  |2 21 
100 |a Herbert, Brian  |e author  |9 563143 
700 0 |a Anderson, Kevin J  |e author  |9 462173 
245 1 0 |a Dune: la casa atreides 
300 |a 781 p 
942 |c BK 
945 |d 20010928 00:00:00  |a vberengu 
260 |a Barcelona  |b Plaza and Janés  |c 2001 
650 0 |a Literatura estadounidense  |9 317168 
650 0 |a Novelas estadounidenses  |9 265217 
650 0 |a Novelas de ciencia ficción  |9 320228 
583 |a last modification  |c 20010928 00:00:00  |k Rodrigo Vera 
490 0 |a Jet, 261. Ciencia Ficción, 7 
999 |c 297254  |d 297252 
952 |0 0  |1 0  |4 0  |6 813_000000000000000_HER_2001  |7 0  |8 A  |9 351829  |a BIBING  |b BIBING  |d 2019-11-21  |i 3752151  |o 813 HER 2001  |p 3752151  |r 2025-01-20  |w 2019-11-21  |y BK  |k CUI